| 000 | 00633nam a22001697a 4500 | ||
|---|---|---|---|
| 999 |
_c12313 _d12313 |
||
| 008 | 190122b ||||| |||| 00| 0 eng d | ||
| 082 |
_22018 _aUT 1151 _bR82 |
||
| 100 |
_aRoslinda, Maureen L. _934789 |
||
| 245 |
_aMotivation and students' engagement of elementary students / _cMaureen L. Roslinda, Rechilyn S. Calma, and Anna Mae D. Entrampas. |
||
| 260 |
_aDigos City: _bUMDC _cOctober 2018. |
||
| 300 |
_a66 pages; _c30 cm. |
||
| 650 |
_aEducation _vBeed _xUndergraduate thesis. _934786 |
||
| 700 |
_aRoslinda, Maureen L. _934789 |
||
| 700 |
_aCalma, Rechilyn S. _934790 |
||
| 700 |
_aEntrampas, Anna Mae D. _934791 |
||
| 942 |
_2ddc _cUT |
||